Implementácia environmentálnej stratégie podniku

Saved in:
Bibliographic Details
Main Author: Šefčíková, Denisa
Format: Book Chapter
Language:Slovak
Tags: Add Tag
No Tags, Be the first to tag this record!

MARC

LEADER 00000nla a2200000 4500
001 0239261
005 20240502073856.9
041 0 |a slo 
044 |a SK 
245 1 0 |a Implementácia environmentálnej stratégie podniku  |c Denisa Šefčíková 
500 |a Abstrakt 
100 1 |a Šefčíková, Denisa